|
|
|
|
| LEADER |
00000nam0a2200000 4500 |
| 001 |
200943 |
| 005 |
20231101225006.0 |
| 010 |
|
|
|a 5060005119
|
| 020 |
|
|
|a RU
|b 89-66637
|
| 035 |
|
|
|a (RuTPU)RU\TPU\book\219034
|
| 090 |
|
|
|a 200943
|
| 100 |
|
|
|a 20110916d1989 m a0rusy5003 ca
|
| 101 |
0 |
|
|a rus
|
| 102 |
|
|
|a RU
|
| 105 |
|
|
|a a j 001zy
|
| 200 |
1 |
|
|a Техническая механика
|a Теоретическая механика и сопротивление материалов
|e учебник для техникумов
|f А. И. Аркуша
|
| 205 |
|
|
|a 2-е изд., доп.
|
| 210 |
|
|
|a Москва
|c Высшая школа
|d 1989
|
| 215 |
|
|
|a 352 с.
|c ил.
|
| 320 |
|
|
|a Библиогр.: с. 346. (13 назв.)
|
| 320 |
|
|
|a Предм. указ.: с. 347-349.
|
| 606 |
|
|
|a Механика техническая
|2 stltpush
|3 (RuTPU)RU\TPU\subj\43587
|9 63070
|
| 610 |
1 |
|
|a механика прикладная
|
| 610 |
1 |
|
|a учебники
|
| 610 |
1 |
|
|a теоретическая механика
|
| 610 |
1 |
|
|a сопротивление материалов
|
| 610 |
1 |
|
|a статика
|
| 610 |
1 |
|
|a кинематика
|
| 610 |
1 |
|
|a динамика
|
| 610 |
1 |
|
|a гипотезы прочности
|
| 610 |
1 |
|
|a устойчивость
|
| 675 |
|
|
|a 621.01:531(075.32)
|z rus
|
| 700 |
|
1 |
|a Аркуша
|b А. И.
|g Александр Иоакимович
|4 070
|
| 801 |
|
0 |
|a RU
|b RuMRKP
|c 19950417
|g psbo
|
| 801 |
|
1 |
|a RU
|b 63413507
|c 20110916
|
| 801 |
|
2 |
|a RU
|b 63413507
|c 20180112
|g RCR
|
| 942 |
|
|
|c BK
|